Τρίβια Ελληνικής Μονόπολης - Statistics

General Stats
  • This quiz has been taken 14 times
  • The average score is 8 of 16
Answer Stats
Ερώτηση Απάντηση % Correct
Ποσό χρημάτων που παίρνετε περνώντας την "Αφετηρία" $200
85%
Τα πράσινα κομμάτια είναι σπίτια. Τι είναι τα κόκκινα κομμάτια; Ξενοδοχεία
77%
Όταν βρίσκεσαι στο τετράγωνο της φυλακής, αλλά όχι ΜΕΣΑ στη φυλακή, είσαι ... Απλός Επισκέπτης
77%
Η πιο ακριβή ιδιοκτησία που μπορείτε να αγοράσετε Λεωφόρος Αμαλίας
62%
Πόλη στην οποία βασίζονται οι δρόμοι του παιχνιδιού Αθήνα
62%
Το τετράγωνο που απέχει περισσότερο από την "Αφετηρία" Ελεύθερη Στάθμευση
54%
Κουτάκια στα οποία αν πέσετε τραβάτε μια κάρτα Απόφαση
54%
Κουτάκια στα οποία αν πέσετε τραβάτε μια κάρτα Εντολή
54%
Η πιο φτηνή ιδιοκτησία που μπορείτε να αγοράσετε Οδός Κυψέλης
46%
Σιδηρόδρομος που φέρει το όνομα ενός γεωγραφικού διαμερίσματος Σταθμός {Πελοποννήσου}
46%
Τι μπορείτε να κάνετε για να βγείτε από τη φυλακή Διπλές Ζαριές
46%
Οι δύο επιχειρήσεις κοινής ωφέλειας είναι η Ηλεκτρική Εταιρεία και η ... Εταιρία {Ύδρευσης}
46%
Τρια πιόνια χρησιμοποιούνται συνεχώς από την αρχική έκδοση του παιχνιδιού. Ονομάστε ένα από αυτά. Διαστημόπλοιο / αυτοκίνητο /καπέλο
46%
Εταιρία η οποία κατέχει τη Μονόπολη Hasbro Gaming
38%
Τι μπορείτε να κάνετε σε μια ιδιοκτησία που σας ανήκει για να πάρετε το ήμισυ της ονομαστικής του αξίας σε μετρητά Υποθήκευση
31%
Τετράγωνο με ένα διαμαντένιο δαχτυλίδι πάνω του, το οποίο θα σας κοστίσει 75 δολάρια αν πέσετε εκεί Πρόσθετος Φόρος
8%
No matching quizzes found
Score Distribution
Percent of People with Each Score
Percentile by Number Answered
Your Score History
You have not taken this quiz